| 000 | 00632cam a22002293a 4500 | ||
|---|---|---|---|
| 001 | 39765 | ||
| 003 | PGUSA | ||
| 005 | 20140828083903.0 | ||
| 008 | 120522s2012||||xxu|||||s|||||000 | eng d | ||
| 040 |
_aPGUSA _beng |
||
| 042 | _adc | ||
| 050 | 4 | _aDC | |
| 245 | 1 | 0 |
_aLes français peints par eux-mêmes, tome 1 _h[electronic resource] |
| 260 |
_bProject Gutenberg, _c2012 |
||
| 506 | _aPublic domain in the USA. | ||
| 516 | _aElectronic text | ||
| 653 | _aFrance -- Social life and customs | ||
| 700 | 1 | _aCurmer, Léon | |
| 830 | 0 |
_aProject Gutenberg _v39765 |
|
| 856 | 4 | 0 | _uhttp://www.gutenberg.org/ebooks/39765 |
| 942 | _cEB | ||
| 999 |
_c269018 _d269018 |
||